| 000 | 00434nam a2200157Ia 4500 | ||
|---|---|---|---|
| 008 | 240729s9999 xx 000 0 und d | ||
| 022 | _a2197-5248 | ||
| 245 | 0 | _aSouth Eastern European Journal of Public Health | |
| 260 | _aGermany | ||
| 260 | _bJacobs Verlag | ||
| 650 | _a Public aspects of medicine | ||
| 650 | _aMedicine | ||
| 856 | _uhttps://doaj.org/toc/295cc80325d9472297aacbd96d68a9ef | ||
| 942 | _2ddc | ||
| 942 | _cDOAJEJ | ||
| 999 |
_c70917 _d70917 |
||
| 945 |
_a1 _bMadushi Gamage _c1 _dMadushi Gamage |
||